| 000 | 00428 a2200157 4500 | ||
|---|---|---|---|
| 999 |
_c8880 _d8880 |
||
| 020 | _a0869226916 | ||
| 050 | _aPL 8547 NDL 2003 | ||
| 100 | _aNdlovu. T. M | ||
| 245 | _aIthemba Kalibulali | ||
| 264 |
_aGweru _bMambo Press _c2003 |
||
| 300 | _bIncludes Bibliographical references | ||
| 500 | _aincludes Bibliographical references | ||
| 650 | _xMen cheating girls | ||
| 700 | _aNdlovu . T . M | ||
| 942 |
_2lcc _cBK _h8547 _iNDL _kPL |
||